| 000 | 00862cam a22002651 4500 | ||
|---|---|---|---|
| 999 |
_c529498 _d529498 |
||
| 001 | 9362721 | ||
| 003 | NUST | ||
| 005 | 20190926154402.0 | ||
| 008 | 750305s1960 nyua 000 1 eng | ||
| 010 | _a 60013980 | ||
| 035 | _a(OCoLC)1201440 | ||
| 038 | _aMuhammad Ibrahim | ||
| 040 |
_aDLC _cOTU _dOCoLC _dDLC |
||
| 041 | 1 |
_aeng _hrus |
|
| 042 | _apremarc | ||
| 050 | 0 | 0 |
_aPZ3.G558 _bEs |
| 082 |
_a891.733 _bGOL 1957 |
||
| 100 | 1 |
_aGogolʹ, Nikolaĭ Vasilʹevich, _d1809-1852. _921681 |
|
| 245 | 1 | 0 |
_aEvenings near the village of Dikanka. _cStories edited by Rudi Panko. [Translated by Ovid Gorchakov] |
| 260 |
_aMoscow _bForeign Languages Pub. House _c1957 |
||
| 300 |
_a276 p. _billus. _c21 cm. |
||
| 500 | _aTranslation of Vechera na khutore bliz Dikanʹki (transliterated) | ||
| 906 |
_a7 _bcbc _coclcrpl _du _encip _f19 _gy-gencatlg |
||
| 942 |
_2ddc _cBK |
||